| 000 | 00879nam a22002891c 4500 | ||
|---|---|---|---|
| 001 | a987676717 | ||
| 008 | 160708s2011 gw |||| 000u rus d | ||
| 020 |
_a9785903081165 _9978-5-903081-16-5 |
||
| 041 | _arus | ||
| 245 | 0 | 0 |
_aVermacht na sovetsko-germanskom fronte : _bsledstvennye i sudebnye materialy iz archivnych i ugolovnych del nemeckich voennoplennych 1942-1952 |
| 264 |
_aMoskva : _bKnižica, _c2011 |
||
| 300 | _a876 S. | ||
| 600 | 0 | _aNiedermayer, Oskar von | |
| 648 | 0 | _a1944-1952 | |
| 650 | 0 | _aDeutsches Reich / Wehrmacht | |
| 650 | 0 | _aKriegsgefangener | |
| 650 | 0 | _aAdmiral | |
| 650 | 0 | _aGeneral | |
| 650 | 0 | _aVernehmung | |
| 651 | 0 | _aSowjetunion | |
| 655 | 0 | _aQuelle | |
| 700 | 1 |
_aChristoforov, Vasilij Stepanovič _eHerausgeberIn |
|
| 700 | 1 |
_aMakarov, Vladimir G. _eHerausgeberIn |
|
| 942 | _cMG | ||
| 040 | _cRU-10907106 | ||
| 003 | RU-10907106 | ||
| 999 |
_c38676 _d38676 |
||